000 00426cam a22001217a 4500
008 180718b1973 xxu||||| |||| 00| 0 eng d
082 _aA81x54 In2/71/23/PT2A
100 _aCensus of India 1971
245 _aAndaman and Nicobar Islands: general population tables
260 _aDelhi
_bThe Controller of Publications
_c1973
300 _a197+p.
440 _aCensus of India 1971. Series-23, Andaman and Nicobar Islands. Part-II-A
999 _c485618
_d485618